00717nam a2200181 i 4500001001100000003000500011005001700016008004100033040002500074082001900099245021300118264005400331300002300385336002100408337002500429338002300454650005800477C2-0254451PPAK20190625144403.0040504s1974 my |||| ||||| | may d aPPAKbengcPPAKerda04a338.59511222300aTitah ucapan Yang Maha Mulia Tunku Abdul Malik Ibni Almarhum Sultan Badlishah (Pemangku Sultan Negeri Kedah Darul Aman) :bdi dalam istiadat pembukaan penggal persidangan yang keempat Dewan Negeri yang ketiga 1aAlor Setar, Kedah : bWisma Negeri Kedah , c1974 a15 pages ; c21 cm 2rdacontentatext 2rdamediaaunmediated 2rdacarrieravolume10aKedah - Economic policy ; Kedah - Economic conditions